Piosenki zespołu Jorrgus - nagła śmierć - Statystyki

Ogólne statystyki
  • Ten quiz został rozwiązany 21 razy
  • Średni wynik to 4 z 8
Answers on the Grid
Answers color-coded by a green-red scale on the quiz's grid according to % correct below.
Twój jeden szept
Miłość w Zakponem
Oddam Ci serce
Niespotykany kolor
Toksyna
Na zabawie
Erotyczne pif-paf
Malowana lala
Prawdziwa miłość to Ty
Wymarzona
W szczęściu
Piękna nieznajoma
Niebezpieczna
Kochana wierzę w miłość
Bądź moją królową
Oczy twe
 
Statystyki odpowiedzi
Odpowiedź % Poprawnych
Twój jeden szept
77%
Malowana lala
62%
Na zabawie
62%
W szczęściu
62%
Oddam Ci serce
54%
Piękna nieznajoma
54%
Niebezpieczna
46%
Oczy twe
31%
Nie znaleziono quizów pasujących do podanych kryteriów
Rozkład punktacji
Procent ludzi z każdym wynikiem
Percentyl według liczby udzielonych odpowiedzi
Twoja historia wyników
Nie rozwiązałeś tego quizu